Catalog

Record Details

Catalog Search



Spiritualita zdola  Cover Image Book Book

Spiritualita zdola / Anselm Grün, Meinrad Dufner ; [z němčiny přeložil Josef Hermach]

Record details

  • ISBN: 80-7192-167-X
  • Physical Description: 70 s. ; 20 cm
  • Edition: Vyud. v KN 1.
  • Publisher: Kostelní Vydří : Karmelitánské nakladatelství, 1997

Content descriptions

Bibliography, etc. Note:
Bibliogr.
Subject: sebepoznání > duchovní aspekty
křesťanská spiritualita > psychologické aspekty
Genre: pojednání

Available copies

  • 3 of 3 copies available at Common Catalog SPOK.

Holds

  • 0 current holds with 3 total copies.
Show Only Available Copies
Location Call Number / Copy Notes Barcode Shelving Location Status Due Date
Jabok Library PT-8 424480017304 Odborná literatura Available -
Jabok Library PT-8/G 424480009638 Odborná literatura Available -
KDS Library 2 GrA 204576803151 Library Available -

LDR 01382nam a2200397 a 4500
00112243
003CZ-PrJAB
00520200619081414.0
007tu
008970519s1997 xr e 000 0 cze
015 . ‡acnb000206024
020 . ‡a80-7192-167-X ‡q(brož.) : ‡cKč 39,00
035 . ‡a(CZ PrNK)cpk19970206024
035 . ‡a(OCoLC)37674391
040 . ‡aABA001 ‡bcze
0411 . ‡acze ‡hger
072 7. ‡a27-5 ‡xLiturgie. Křesťanské umění a symbolika. Duchovní život ‡2Konspekt ‡95
080 . ‡a27-582/-587 ‡2MRF
080 . ‡a27-58 ‡2MRF
080 . ‡a13 ‡2MRF
080 . ‡a159.9 ‡2MRF
080 . ‡a(049) ‡2MRF
1001 . ‡aGrün, Anselm, ‡d1945- ‡7jn19990002960 ‡4aut
24010. ‡aSpiritualität von unten. ‡lČesky
24510. ‡aSpiritualita zdola / ‡cAnselm Grün, Meinrad Dufner ; [z němčiny přeložil Josef Hermach]
250 . ‡aVyud. v KN 1.
260 . ‡aKostelní Vydří : ‡bKarmelitánské nakladatelství, ‡c1997
300 . ‡a70 s. ; ‡c20 cm
504 . ‡aBibliogr.
65007. ‡asebepoznání ‡7ph116116 ‡xduchovní aspekty ‡2czenas
65007. ‡akřesťanská spiritualita ‡7ph138493 ‡xpsychologické aspekty ‡2czenas
655 7. ‡apojednání ‡7fd133056 ‡2czenas
7001 . ‡aDufner, Meinrad ‡4aut
7001 . ‡aHermach, Josef, ‡d1924-2002 ‡7jn20010602783 ‡4trl
910 . ‡aABG312
910 . ‡aABE463
995 . ‡aska
901 . ‡a12243 ‡bCZ-PrJAB ‡c12243 ‡tbiblio

Additional Resources